000 01064nmc a2200373 a 4500
003 AR-BaBNM
005 20251128211530.0
008 084120s1997 ||||||||||||||000 | spa||
020 _a968-432-118-X
040 _cAR-BaBNM
100 1 _aGarcía Lorca, Federico
245 1 0 _aLibro de poemas
_b; Poemas del Cante Jondo; Romancero gitano; Poeta en Nueva York; Odas; Llanto por Sánchez Mejías; Bodas de sangre; Yerma
260 _aMéxico, D.F.
_bPorrúa
_c1997
300 _a232 p.
490 0 _aSepan cuantos...
_vv. 251
650 4 _aLITERATURA ESPANOLA
650 4 _aPOESIA
650 4 _aLITERATURA POPULAR
650 4 _aTEATRO
653 _aROMANCES
653 _aGENERACION DE 1927
653 _aCANCIONEROS
655 _aLITERATURA
700 1 _aNovo, Salvador
_eprologuista
740 0 _aPoemas del Cante Jondo
740 0 _aRomancero gitano
740 0 _aPoeta en Nueva York
740 0 _aOdas
740 0 _aLlanto por Sánchez Mejías
740 0 _aBodas de sangre
740 0 _aYerma
942 _cBK
998 _cEugenia
999 _c20056
_d20056